MARC details
| 000 -LEADER |
| campo de control de longitud fija |
01972nam a2200301 i 4500 |
| 001 - NÚMERO DE CONTROL |
| campo de control |
162804 |
| 003 - IDENTIFICADOR DE NÚMERO DE CONTROL |
| campo de control |
ES-MaACL |
| 005 - FECHA Y HORA DE LA ÚLTIMA TRANSACCIÓN |
| campo de control |
20250928112454.0 |
| 008 - DATOS DE LONGITUD FIJA--INFORMACIÓN GENERAL |
| campo de control de longitud fija |
970915s1772 sp f |||| | spa d |
| 040 ## - FUENTE DE CATALOGACIÓN |
| Centro catalogador/agencia de origen |
AR |
| Lengua de catalogación |
spa |
| Centro/agencia transcriptor |
AR |
| 100 1# - ENTRADA PRINCIPAL--NOMBRE DE PERSONA |
| Nombre de persona |
Quevedo, Francisco de, |
| Fechas asociadas al nombre |
1580-1645 |
| 9 (RLIN) |
94591 |
| 245 10 - MENCIÓN DEL TÍTULO |
| Título |
Obras de D. Francisco de Quevedo Villegas. |
| Número de parte o sección de la obra |
Tomo I [-tomo VI]. |
| 260 ## - PUBLICACIÓN, DISTRIBUCIÓN, ETC. |
| Lugar de publicación, distribución, etc. |
Madrid : |
| Nombre del editor, distribuidor, etc. |
por D. Joachin Ibarra ..., |
| Fecha de publicación, distribución, etc. |
1772. |
| 300 ## - DESCRIPCIÓN FÍSICA |
| Extensión |
4 t. en 6 v. ([4], 708 p., [1] h. de lám. ; [4], 692 ; [16], 292, [4] ; [16], 576 p., [6] h. de lám. ; [4], 314, [2] p. en bl., [3] h. de lám. ; [4], 308 p.) ; |
| Dimensiones |
4º. |
| 505 8# - NOTA DE CONTENIDO CON FORMATO |
| Nota de contenido con formato |
Contiene: t. 3 ; |
| Título |
Política de Dios y gobierno de Christo sacada de la sagrada escritura - t. 4 ; |
| -- |
El Parnaso Español Monte en dos cumbres dividido con las nueve musas castellanas donde se contiene poesias - t. 5 ; |
| -- |
Las tres últimas musas castellanas segunda cumbre del Parnaso Español - t. 6 ; |
| -- |
Vida y obras posthumas de D. Francisco de Quevedo y Villega |
| 530 ## - NOTA DISPONIBLE DE FORMULARIO FÍSICO ADICIONAL |
| Nota de formato físico adicional disponible |
Disponible en formato digital. |
| 596 ## - NOTA AL PIE DE IMPRENTA |
| NOTA AL PIE DE IMPRENTA |
Marca tip. xil. en port. (Vindel 599) |
| 597 ## - NOTA DE DESCRIPCIÓN FÍSICA |
| NOTA DE DESCRIPCIÓN FÍSICA |
Sign.: [ ]², A-Z8, 2A-2X8, 2Y² ; tomo 2: [ ]², A-Z8, 2A-2V8, 2X² ; tomo 3: [calderón]8, A-S8, T4 ; tomo 4: *8, [ ]²?¹, A-Z8, 2A-2N8 ; tomo 5: A-V8 ; t. 6: [ ]², A-S8, T¹°. |
| 597 ## - NOTA DE DESCRIPCIÓN FÍSICA |
| NOTA DE DESCRIPCIÓN FÍSICA |
Texto a dos col. |
| 599 ## - NOTA A LAS ILUSTRACIONES |
| NOTA A LAS ILUSTRACIONES |
La h. de grabado calcográfico del t. 1 es un retrato del autor: "Mar.io Salv.or Maella delin., en Madrid por Joachin Ballester sculp." |
| 599 ## - NOTA A LAS ILUSTRACIONES |
| NOTA A LAS ILUSTRACIONES |
Las h. de lámina de los t. 3 y 4 son grabados calcográficos que representan a las musas. |
| 700 1# - ENTRADA AGREGADA--NOMBRE PERSONAL |
| Nombre de persona |
Maella, Mariano Salvador, |
| Fechas asociadas al nombre |
1739-1819 |
| 9 (RLIN) |
162062 |
| 700 1# - ENTRADA AGREGADA--NOMBRE PERSONAL |
| Nombre de persona |
Ballester, Joaquín ( |
| Fechas asociadas al nombre |
1740-1808) |
| 9 (RLIN) |
157689 |
| 700 1# - ENTRADA AGREGADA--NOMBRE PERSONAL |
| Nombre de persona |
Ibarra, Joaquín, |
| Fechas asociadas al nombre |
1725-1785 |
| 9 (RLIN) |
172326 |
| 852 ## - LOCALIZACIÓN |
| Ubicación |
ES-MaACL |
| Número de control de estantería |
R-230-35 |
| Nota libre |
-- Enc. pasta española con hierros |
| Encuadernación |
Olim: B-97-102 |
| 856 ## - LOCALIZACIÓN Y ACCESO ELECTRÓNICOS |
| Identificador Uniforme de Recursos |
<a href="http://bdh-rd.bne.es/viewer.vm?id=0000008561&page=1 ">http://bdh-rd.bne.es/viewer.vm?id=0000008561&page=1 </a> |
| Nota pública |
Biblioteca Digital Hispánica |